UBT Library

Electronics dictionary : (Record no. 40356)

000 -LEADER
fixed length control field 00732pam a2200205 i 4500
001 - CONTROL NUMBER
control field 3193350
005 - DATE AND TIME OF LATEST TRANSACTION
control field 20180116044632.0
008 - FIXED-LENGTH DATA ELEMENTS--GENERAL INFORMATION
fixed length control field 770916s1978 nyua d 000 0 eng
010 ## - LIBRARY OF CONGRESS CONTROL NUMBER
LC control number 77013876
020 ## - INTERNATIONAL STANDARD BOOK NUMBER
International Standard Book Number 0070404313
040 ## - CATALOGING SOURCE
Original cataloging agency DLC
Transcribing agency DLC
Modifying agency DLC
041 ## - LANGUAGE CODE
Language code of text/sound track or separate title eng
080 ## - UNIVERSAL DECIMAL CLASSIFICATION NUMBER
Universal Decimal Classification number 621.38103 MAR
082 00 - DEWEY DECIMAL CLASSIFICATION NUMBER
Classification number 621.38103 MAR
100 1# - Rafti
Rafti 27
101 ## - Shkurtesa
Shkurtesa IM
245 10 - TITLE STATEMENT
Title Electronics dictionary :
Statement of responsibility, etc John Markus.
906 ## - LOCAL DATA ELEMENT F, LDF (RLIN)
a 7
b cbc
c orignew
d 1
e ocip
f 19
g y-gencatlg
942 ## - ADDED ENTRY ELEMENTS (KOHA)
Source of classification or shelving scheme
Item type Books
Holdings
Withdrawn status Lost status Source of classification or shelving scheme Damaged status Not for loan Collection code Permanent location Current location Shelving location Date acquired Total Checkouts Full call number Barcode Date last seen Price effective from Koha item type
          Koleksioni i përgjithshem UBT - Lipjan UBT - Lipjan Koleksioni i përgjithshem 01/16/2018   621.38103 MAR 002-2995575 01/16/2018 01/16/2018 Books
UBT Library © 2015-2024. All rights reserved University Education for Business and Technology